Most Valuable Free & Loan Football Transfers of Season 2024/25 - Statistics

General Stats
  • This quiz has been taken 86 times
  • The average score is 15 of 25
Answer Stats
# Market Value Transfer Nationality From To Answer % Correct
1 €180.00m Free France Paris Saint-Germain Real Madrid Kylian Mbappé
100%
2 €100.00m Loan Nigeria Napoli Galatasaray Victor Osimhen
91%
4 €35.00m Loan England Chelsea Arsenal Raheem Sterling
80%
9 €30.00m Loan England AS Roma AC Milan Tammy Abraham
80%
4 €35.00m Loan Morocco West Ham United Real Sociedad Nayef Aguerd
76%
3 €45.00m Loan Georgia Liverpool Valencia Giorgi Mamardashvili
74%
18 €22.00m Free United States Barcelona PSV Eindhoven Sergiño Dest
68%
18 €22.00m Loan Portugal Arsenal FC Porto Fábio Vieira
65%
18 €22.00m Loan Albania Chelsea Everton Armando Broja
64%
18 €22.00m Free Poland Napoli Inter Milan Piotr Zieliński
62%
9 €30.00m Loan Brazil Barcelona Real Betis Vitor Roque
61%
9 €30.00m Loan England West Ham United Nottingham Forest James Ward-Prowse
59%
4 €35.00m Loan Argentina Fiorentina Juventus Nico González
59%
18 €22.00m Loan Morocco Fiorentina Fenerbahce Sofyan Amrabat
58%
4 €35.00m Loan France Nice West Ham United Jean-Clair Todibo
55%
13 €25.00m Loan Norway Celta Vigo Wolverhampton Wanderers Jørgen Strand Larsen
54%
13 €25.00m Loan Brazil Manchester City Borussia Dortmund Yan Couto
53%
18 €22.00m Loan Germany Borussia Dortmund Nice Youssoufa Moukoko
51%
13 €25.00m Loan England Manchester City Ipswich Town Kalvin Phillips
50%
4 €35.00m Loan Cote d'Ivoire Bayer Leverkusen Atalanta Odilon Kossounou
49%
18 €22.00m Loan Denmark Napoli Everton Jesper Lindstrøm
47%
18 €22.00m Loan Portugal FC Porto Juventus Francisco Conceição
45%
13 €25.00m Loan Belgium Atlético Madrid RB Leipzig Arthur Vermeeren
39%
9 €30.00m Loan Iceland Genoa Fiorentina Albert Gudmundsson
38%
13 €25.00m Loan France Chelsea Southampton Lesley Ugochukwu
38%
No matching quizzes found
Score Distribution
Percent of People with Each Score
Percentile by Number Answered
Your Score History
You have not taken this quiz